UBT Library

Schaum's quick guide to writing great research papers / (Record no. 44681)

000 -LEADER
fixed length control field 00854cam a2200253 a 4500
001 - CONTROL NUMBER
control field 14682465
005 - DATE AND TIME OF LATEST TRANSACTION
control field 20180312045745.0
008 - FIXED-LENGTH DATA ELEMENTS--GENERAL INFORMATION
fixed length control field 061228s2007 nyua b 001 0 eng
010 ## - LIBRARY OF CONGRESS CONTROL NUMBER
LC control number 2006103423
020 ## - INTERNATIONAL STANDARD BOOK NUMBER
International Standard Book Number 9780071488488
020 ## - INTERNATIONAL STANDARD BOOK NUMBER
International Standard Book Number 0071488480
040 ## - CATALOGING SOURCE
Original cataloging agency DLC
Transcribing agency DLC
Modifying agency DLC
041 ## - LANGUAGE CODE
Language code of text/sound track or separate title eng
080 ## - UNIVERSAL DECIMAL CLASSIFICATION NUMBER
Universal Decimal Classification number 808.02 ROZ
082 00 - DEWEY DECIMAL CLASSIFICATION NUMBER
Classification number 808.02 ROZ
Edition number 22
100 1# - Rafti
Rafti 25
101 ## - Shkurtesa
Shkurtesa EDU
245 10 - TITLE STATEMENT
Title Schaum's quick guide to writing great research papers /
Statement of responsibility, etc Laurie Rozakis.
246 30 - VARYING FORM OF TITLE
Title proper/short title Quick guide to writing great research papers
504 ## - BIBLIOGRAPHY, ETC. NOTE
Bibliography, etc Includes bibliographical references and index.
906 ## - LOCAL DATA ELEMENT F, LDF (RLIN)
a 7
b cbc
c orignew
d 1
e ecip
f 20
g y-gencatlg
942 ## - ADDED ENTRY ELEMENTS (KOHA)
Source of classification or shelving scheme
Item type Books
Holdings
Withdrawn status Lost status Source of classification or shelving scheme Damaged status Not for loan Collection code Permanent location Current location Shelving location Date acquired Total Checkouts Full call number Barcode Date last seen Price effective from Koha item type
          Koleksioni i përgjithshem UBT - Lipjan UBT - Lipjan Koleksioni i përgjithshem 03/12/2018   808.02 ROZ 002-3001446 03/12/2018 03/12/2018 Books
UBT Library © 2015-2024. All rights reserved University Education for Business and Technology